Vaatamisväärsused - Statistics

General Stats
  • This quiz has been taken 168 times
    164 since last reset
  • The average score is 14 of 16
Answer Stats
Question Answer % Correct
Milline nendest vaatamisväärsustest asub Itaalias?
100%
Milline nendest vaatamisväärsustest asub Vatikanis?
100%
Milline nendest vaatamisväärsustest asub Prantsusmaal?
96%
Milline nendest vaatamisväärsustest asub Saksamaal?
96%
Milline nendest vaatamisväärsustest asub Suurbritannias?
96%
Milline nendest vaatamisväärsustest asub Islandil?
96%
Milline nendest vaatamisväärsustest asub Kreekas?
92%
Milline nendest vaatamisväärsustest asub Hispaanias?
92%
Milline nendest vaatamisväärsustest asub Leedus?
92%
Milline nendest vaatamisväärsustest asub Šveitsis?
88%
Milline nendest vaatamisväärsustest asub Tšehhis?
88%
Milline nendest vaatamisväärsustest asub Taanis?
88%
Milline nendest vaatamisväärsustest asub Eestis?
85%
Milline nendest vaatamisväärsustest asub Norras?
77%
Milline nendest vaatamisväärsustest asub Horvaatias?
50%
Milline nendest vaatamisväärsustest asub Bulgaarias
42%
No matching quizzes found
Score Distribution
Percent of People with Each Score
Percentile by Number Answered
Your Score History
You have not taken this quiz since the last reset